000 00883cam a2200253 4500
001 ABS61564
008 000000n1999 000 0 eng u
035 _a(Sirsi) u102657
100 _aSugden, P.
245 _aKnow surrender
260 _c1999
490 _aEstates Gazette
_v(9946) 20 November 1999, 185(1)
520 _aExplains the ways in which tenants can surrender their leases: express surrender or surrender by operation of law. Highlights the potential pitfalls which tenants should be aware of before surrendering a lease.
590 _aABS
650 _aSURRENDER OF LEASES
650 _aEXPRESS SURRENDER
650 _aOPERATION OF LAW
650 _aSTAMP DUTY
650 _aVALUE ADDED TAX
650 _aLANDLORD AND TENANT ACT 1954 S38(4)
650 _aLANDLORD AND TENANT (COVENANTS) ACT 1995
690 _aLandlord and tenant
_96252
942 _n0
999 _c61651
_d61651